书目信息 |
| 题名: |
与南怀瑾商榷
|
|
| 作者: | 董子竹 著 | |
| 分册: | ||
| 出版信息: | 武汉 长江文艺出版社 2000.01 |
|
| 页数: | 469页 | |
| 开本: | 32开 | |
| 丛书名: | ||
| 单 册: | ||
| 中图分类: | G12 | |
| 科图分类: | ||
| 主题词: | 文化事业--中国 | |
| 电子资源: | ||
| ISBN: | 7-5354-1967-4 | |
| 000 | 00537nam0 2200193 45 | |
| 001 | 1009042350 | |
| 005 | 20100904235549.1 | |
| 010 | @a7-5354-1967-4@d20.00元 | |
| 100 | @a20100904d2000 km y0chiy0120 ea | |
| 101 | 0 | @achi |
| 105 | @a z 000yy | |
| 200 | 1 | @a与南怀瑾商榷@AYu Nan Huai Jin Shang Que@f董子竹著@FDong Zi Zhu Zhu |
| 210 | @a武汉@c长江文艺出版社@d2000.01 | |
| 215 | @a469页@d32开 | |
| 606 | 0 | @a文化事业@x中国 |
| 690 | @aG12@v3 | |
| 701 | 0 | @a董子竹@4著 |
| 801 | @aCN@bPftUser@c20100904 | |
| 905 | @b120601-605@dG12@eD983@f5 | |
| 与南怀瑾商榷/董子竹著.-武汉:长江文艺出版社,2000.01 |
| 469页;32开 |
| ISBN 7-5354-1967-4:20.00元 |
| ● |
| 相关链接 |
|
|
|
正题名:与南怀瑾商榷
索取号:G12/D983
 
预约/预借
| 序号 | 登录号 | 条形码 | 馆藏地/架位号 | 状态 | 备注 |
| 1 | 120601 | 201206015 | 社科二线422/409社科库 56排1列2层/ [索取号:G12/D983] | 在馆 | |
| 2 | 120602 | 201206024 | 社科库409/409社科库 56排1列2层/ [索取号:G12/D983] | 在馆 | |
| 3 | 120603 | 201206033 | 社科库409/ [索取号:G12/D983] | 在馆 | |
| 4 | 120604 | 201206042 | 社科二线422/409社科库 56排1列2层/ [索取号:G12/D983] | 在馆 | |
| 5 | 120605 | 201206051 | 社科二线422/409社科库 56排1列2层/ [索取号:G12/D983] | 在馆 |